02353cam a2200385 a 4500001000800000005001700008008004100025020001800066020001500084035002400099035002100123035001700144040002300161041001300184043001200197082001900209100004200228245021200270246002800482246002700510246008500537260003700622300004800659500010800707504004100815505076800856546003101624600003201655611003501687650006601722650004001788650004701828700001801875711007401893827196820220326193315.0101021s2010 bl ac 000 0 mul d a9788563537027 a8563537024 a(OCoLC)ocn671530971 a(OCoLC)671530971 a(NNC)8271968 aH7KcH7KdNYPdIQU0 aengapor as-bl--- a779.092bP436t1 aMachado, Maria Helena Pereira Toledo.10a(T)races of Louis Agassiz :bphotography, body and science : yesterday and today = rastros, raças de Louis Agassiz : fotografía, corpo e ciencia, ontem e hoje /cMaria Helena P. T. Machado & Sasha Huber.13aTraces of Louis Agassiz13aRaces of Louis Agassiz31aRastros, raças de Louis Agassiz :bfotografía, corpo e ciencia, ontem e hoje a[São Paulo :bCapacete,c2010] a189 p. :bill. (some col.), port. ;c24 cm. a"Published by Capacete Entretenimentos on the occasion of the 29th São Paulo Biennial, 2010"--p. 189. aIncludes bibliographical references. tForeword tPart : Agassiz collectionrMaria Helena P.T MachadotTraces of agassiz on Brazilian Races: The Formation of Photographic CollectionrFlavio Dos Santos GomestMr. Hunnewell´s Black Hands rJohn M. MonteirotLouis Agassiz photographic collections tPure race series, Africa AlbumtMixed race series tExhibition of Sasha Huber tPart II: Politics of remembrance and the rentyhorn campaigntLouis Who? What you should know about Louis AgassizrSasha Huber & Petri Saarikko tWhat´s in a name? Louis Agassiz, his mountain and the politics of remembrance rHans Fässler tPlaces named after Louis AgassiztQuestioning Louis Agassiz´s repository of racist Imaginary in Sasha Huber´s Work rSuzana MilevskatContributors tspecial thanks to tcolophon  aIn English and Portuguese.10aAgassiz, Louis,d1807-1873.20aThayer Expeditiond(1865-1866) 0aPhotography in anthropologyy19th centuryxPolitical aspects. 0aPortrait photographyy19th century. 0aPhotographyxSocial aspectsy19th century.1 aHuber, Sasha.2 aBienal de Artes de São Paulon(29th :d2010 :cSão Paulo, Brazil)